| 000 | 00522nam a2200169 i 4500 | ||
|---|---|---|---|
| 001 | 61356 | ||
| 003 | ES-MaACL | ||
| 007 | t| | ||
| 008 | 031111s1947 sp ||||1| spa d | ||
| 245 | 0 | 0 |
_aEuskaleriaren yakintza _b: (literatura popular del País Vasco) / _cpor Resurreción María de Azkue. |
| 260 |
_aMadrid : _bEspasa-Calpe, _c[1947] |
||
| 300 |
_a458 p., 26 lám. ; _c25 cm. |
||
| 500 | _aEd. Bilingüe. | ||
| 700 | 0 |
_aAzkue, Resurrección María de _924296 |
|
| 852 |
_aES-MaACL _jE-4582 |
||
| 999 |
_c61356 _d61356 |
||